[Event "Monarch Assurance 08th"]
[Site "Port Erin"]
[Date "1999.11.06"]
[Round "1"]
[White "Short, Nigel D"]
[Black "Ward, Christopher"]
[Result "1-0"]
[WhiteElo "2675"]
[BlackElo "2473"]
[Annotator "Psakhis,L"]
[PlyCount "53"]
[EventDate "1999.11.06"]
[EventType "swiss"]
[EventRounds "9"]
[EventCountry "IOM"]
[SourceTitle "CBM 074"]
[Source "ChessBase"]
[SourceDate "2000.02.01"]
[SourceVersion "1"]
[SourceVersionDate "2000.02.01"]
[SourceQuality "1"]

1. e4 {McShane} e6 2. d4 d5 3. e5 c5 4. c3 Qb6 5. Nf3 Bd7 6. Be2 ({According
to theory just} 6. a3 {with the idea after} Bb5 {to play} 7. c4 $5 {promised
slightly better chances to white, but it looks that Nigel has another opinion.}
) 6... cxd4 7. cxd4 Bb5 8. Nc3 (8. O-O Bxe2 9. Qxe2 Qa6 {leads to equality})
8... Bxe2 ({Desserves attention} 8... Bb4 $5 {with possible continuation} 9.
O-O Bxc3 10. bxc3 Bxe2 11. Qxe2 Qa6 12. Qxa6 Nxa6 13. Rb1 b6 $11) 9. Nxe2 $1 {
[%cal Ge2f4,Gf4h5] Much stronger than} (9. Qxe2 Nc6 10. Be3 Nge7 $11) 9... Nc6
$6 ({In the case of} 9... Bb4+ $5 {White must continue just} 10. Kf1 $5 ({
because} 10. Bd2 Ne7 11. O-O Nbc6 12. Bf4 Ng6 13. Be3 Be7 14. Rb1 O-O 15. b4
Rfc8 16. a3 Qd8 $11 {Thipsay,P-Johansen,D/Kuala Lumpur 1992/0-1 (45) is not
dangerous for Black})) 10. O-O O-O-O $146 {'?!' McShane. McShane: 'This
doesn't look right to me'} ({Brave decision, but after, for example} 10... Nge7
11. Ng3 {[%cal Gg3h5]} Rc8 (11... Ng6 {McShane} 12. Nh5 $1 {preventing Be7 is
maybe what black was afraid of.}) 12. Be3 g6 13. Bg5 Bg7 14. Qd2 $36 {
Nunn-Polgar,J/Monaco 1994/0-1 (41) white,s advantage is obvious.}) 11. Rb1 $1 {
[%csl Rc8][%cal Gb2b4,Ga2a4][%mdl 4] It is funny to see how easy and quickly
Short grabs initiative in his hands. McShane: 'faster than 11.a3'} Kb8 12. b4 {
McShane: 'the pawn is immune because a3 will pin an win the capturing piece'}
Rc8 13. Bd2 (13. b5 $2 Na5) 13... h6 14. a4 {'!' McShane.} (14. Qa4 $5 {
[%csl Rb6][%cal Rb4b5,Rd2a5]} Qa6 $1) (14. Qe1 Qb5 $1) 14... g5 (14... Nxb4 $2
{(McShane) now looks plausible, but} 15. a5 $1 Qb5 (15... Qxa5 16. Bxb4 Bxb4
17. Qb3 Rc4 18. Nd2 $18) 16. Bxb4 Bxb4 17. Qb3 Qxe2 (17... Rc4 18. Nd2) 18.
Qxb4 Qa6 19. Rfc1 {and black is in serious difficulties, for instance} Re8 20.
Qd6+ Qxd6 21. exd6 {and with Rc7 and Ne5 up his sleeve white can be very
confident}) (14... Bxb4 {McShane} 15. a5 Qb5 16. Bxb4 Nxb4 17. Qd2 Rc4 18. Rfc1
$18) 15. Bc3 Be7 {Pawn on b4 is poisoned-Black lose immediately and after} (
15... Nxb4 16. a5 $1 Qb5 (16... Qxa5 17. Bxb4 Bxb4 18. Qb3 $18 Rc4 $140 19. Nd2
$1) 17. Bxb4 Bxb4 18. Qb3 Qxe2 (18... g4 19. Nd2 Qxe2 20. Qxb4 Qa6 21. Nb3 $18)
19. Qxb4 Qa6 $8 20. Rfc1 $40) ({and in the case of} 15... Bxb4 16. a5 $1 Qxa5 (
16... Qb5 17. Bxb4 Nxb4 18. Qd2 (18. Qb3 $5) 18... Rc4 19. Rfc1 $18) 17. Qb3
$18) 16. Ne1 $1 $16 {[%cal Ge1c5] '!' McShane. Strong move, knight quickly
moves to c5 and Black needs now good advice. McShane: 'A clever manoeuvre,
avoiding harassment by g4 and heading somewhere useful'} f5 (16... f6 $5) 17.
Nd3 f4 18. Qd2 {McShane: 'Threatening b5 and Ba5, trapping the queen'} Nd8 19.
b5 {[%cal Rc3a5]} Qc7 20. Rfc1 Qd7 21. Bb4 $1 Rc4 (21... Bxb4 22. Qxb4 Ne7 23.
Nc5 Qe8 24. Na6+ $18) (21... b6 $142 22. Rxc8+ Qxc8 23. a5 $40) 22. Nc5 $18
Rxc1+ (22... Bxc5 23. Bxc5 Ne7 24. Rxc4 dxc4 25. Bd6+ Ka8 26. Bxe7 Qxe7 27. Rc1
$18 {[%csl Rd8]}) 23. Rxc1 Bxc5 24. Bxc5 {[%cal Rc5d6,Rc1c7]} b6 (24... Nf7 {
McShane} 25. Bxa7+ $1 Kxa7 26. Qa5+ Kb8 27. b6 {and Qa7 mate}) 25. Bd6+ Kb7 26.
Qb4 Rh7 27. a5 {McShane: 'When it comes, axb6 and Qb4-a4-a6 mate is
unstoppable.'} 1-0

[Event "St Petersburg-ch"]
[Site "St Petersburg"]
[Date "2001.04.13"]
[Round "4"]
[White "Alekseev, Evgeny V"]
[Black "Ivanov, Sergey"]
[Result "0-1"]
[WhiteElo "2510"]
[BlackElo "2547"]
[Annotator "Psakhis,L"]
[PlyCount "70"]
[EventDate "2001.04.10"]
[EventType "tourn"]
[EventRounds "11"]
[EventCountry "RUS"]
[EventCategory "9"]
[SourceTitle "CBM 083"]
[Source "ChessBase"]
[SourceDate "2001.07.05"]
[SourceVersion "1"]
[SourceVersionDate "2001.07.05"]
[SourceQuality "1"]

1. e4 e6 2. d4 d5 3. e5 c5 4. c3 Qb6 5. Nf3 Nc6 (5... Bd7 $5) 6. a3 Nh6 7. b4
cxd4 8. cxd4 Nf5 9. Bb2 {It looks that after this natural move White can't
pretend for real advantage} ({Worth consideration} 9. Be3 $5) 9... Bd7 10. g4 (
{After} 10. Be2 Rc8 11. O-O Be7 12. Kh1 O-O 13. Nc3 Na5 14. Na4 Bxa4 15. Qxa4
Nc4 16. Qb3 Nxb2 17. Qxb2 Rc7 $15 {0-1 Kalezic,B-Knezevic,B/YUG t-ch plof 1999
(33) white got less than nothing.}) 10... Nfe7 {Strongest continuation.} (10...
Nh6 11. h3 f6 12. exf6 gxf6 13. Nc3 Bg7 14. Na4 Qd8 15. Nc5 {leads to nice
game for White, for example} Bc8 16. Bd3 O-O 17. Bc2 b6 18. Qd3 f5 19. Nb3 $36
{1-0 Savic,N-Miljanic,B/YUG t-ch Novi Sad 2000/ (41)}) 11. Nc3 Na5 {[%csl Rc4]
[%cal Ga8c8,Ga5c4,Gb6b2]} (11... Ng6 $5 12. Na4 Qd8 13. h4 h5 $5 14. g5 b6 15.
Bd3 Nf4 16. Ba6 Ne7 17. Nc3 Nf5 $15 {1/2-1/2 Nevednichy,V-Lputian,S/EUR-ch
Ohrid 2001/MAC (36)}) 12. Nd2 ({White tried also} 12. Na4 Qc6 13. b5 Qc7 14.
Nd2 {but without big success- after} Nc4 15. Nxc4 dxc4 16. Nc3 Nd5 17. Bg2 Nxc3
18. Bxc3 Bxb5 19. d5 exd5 20. Qxd5 Bc6 21. Qxc4 Rc8 $11 {Lindfeldt,J-Nielsen,P/
DEN-ch Nyborg 2001/ /1/2-1/2 (59) Black managed to get nice position.}) 12...
Rc8 13. Rc1 Ng6 14. Bb5 $146 {This new move doesn't change estimation of
position as nice for a Black.} (14. h4 Be7 15. h5 Nf4 16. Qf3 Bg5 17. Ne2 Rxc1+
18. Nxc1 O-O $17 {1/2-1/2 Grischuk,A-Kruppa,Y/RUS Cup Elista 2000/CBM 79/28)})
14... Nc6 (14... Bxb5 {was also possible, but after} 15. bxa5 (15. Nxb5 Nc6 $15
{[%csl Rb2]}) 15... Qxa5 16. Nb3 (16. Nxb5 Rxc1 17. Qxc1 Qxb5 18. Qc8+ Ke7 19.
Bc3 f6 $1) 16... Qb6 17. Nxb5 Rxc1 18. Qxc1 Qxb5 19. Qc8+ Ke7 20. a4 $5 Qxb3
21. Qc7+ $11 {White can give perpetual check}) 15. Nf3 Be7 $5 ({Again} 15...
Ncxe5 16. dxe5 Bxb5 17. Nxb5 Rxc1 18. Qxc1 Qxb5 19. Qc8+ Ke7 {was little bit
premature- after} 20. Bd4 b6 $8 21. Be3 $44 {[%cal Gf3d4] White have enough
compensation for the pawn.}) 16. h4 $2 {[%mdl 8192] It was good time to think
about defence} (16. Be2 $5 Nf4 17. Bf1 $13 {leads to complicated game with
mutual chances.}) 16... Ncxe5 $1 {Quick and painful ( for White ) refutation,}
17. dxe5 Bxb5 18. h5 $1 {Best practical chance,} (18. Nxb5 Rxc1 19. Qxc1 Qxb5
20. Qc8+ Bd8 $19 {lose immediately.}) 18... Nf8 19. Nxb5 Rxc1 20. Qxc1 Qxb5 21.
Qc8+ Bd8 22. Kd2 {[%cal Gh1c1]} Nd7 $1 {[%cal Gd7b6,Gb6c4]} 23. Nd4 Qa6 24. b5
(24. f4 Nb6 25. Qc3 Nc4+ 26. Kc1 Bb6 $19) 24... Qa5+ 25. Ke2 Nxe5 26. h6 {
[%cal Rb2h8]} ({After} 26. Qxb7 Qa4 $5 {[%csl Re2] it is not easy to protect
white monarch.}) 26... O-O {Better later than never!} ({Ivanov did,t fall into
trap-} 26... Nc4 27. hxg7 Qd2+ $2 (27... Rg8 $5) 28. Kf3 Rg8 {looks terrific,
but} 29. Nc6 $3 {leads to draw -} Qd3+ 30. Kf4 bxc6 31. Qxc6+ Ke7 32. Qb7+ Kd6
33. Qc6+ $11) 27. Bc3 (27. hxg7 Qd2+ 28. Kxd2 (28. Kf1 Re8 $19) 28... Bg5+ 29.
Ke2 Rxc8 30. Nxe6 $140 Rc2+ 31. Kf1 Rxb2 32. Nxg5 Rb1+ 33. Kg2 Rxh1 34. Kxh1
Nxg4 $19) 27... Qc7 (27... Qxa3 $5) 28. Qxc7 Bxc7 29. hxg7 Rc8 $19 {Black
managed to keep material advantatge and rest just matter of technique.} 30. Ba1
Bd6 31. g5 Ng6 {[%csl Rg7][%cal Gd6e5]} 32. Nf3 Rc2+ 33. Kd3 Rxf2 34. Rc1 Nf4+
{Knight made a good job in this game.} 35. Ke3 Re2+ (35... Re2+ 36. Kd4 e5+ 37.
Kc3 Re3+ $19) 0-1

[Event "Prague Sachinfo"]
[Site "Prague"]
[Date "1999.06.04"]
[Round "4"]
[White "Movsesian, Sergei"]
[Black "Rogers, Ian"]
[Result "1-0"]
[WhiteElo "2650"]
[BlackElo "2618"]
[Annotator "Psakhis,L"]
[PlyCount "77"]
[EventDate "1999.05.??"]
[EventType "tourn"]
[EventRounds "6"]
[EventCountry "CZE"]
[EventCategory "15"]
[SourceTitle "CBM 072"]
[Source "ChessBase"]
[SourceDate "1999.10.01"]
[SourceVersion "1"]
[SourceVersionDate "1999.10.01"]
[SourceQuality "1"]

1. e4 e6 2. d4 d5 3. e5 c5 4. c3 Bd7 5. Nf3 Qb6 6. Be2 Nc6 7. O-O Nh6 8. Na3 {
White tryed many other moves in this position, but without big success-} (8. c4
cxd4 9. cxd5 exd5 10. Nbd2 Nf5 11. Nb3 h5 {1/2-1/2 Dobosz,H-Kelecevic,N/
Goetzis IM 1997 (11)}) (8. b3 Nf5 9. Bb2 cxd4 10. cxd4 Rc8 11. h3 Be7 12. a3 f6
13. b4 fxe5 14. dxe5 Ng3 15. Re1 Nxe2+ 16. Qxe2 a6 17. Nbd2 O-O 18. Rac1 Nb8
19. Nb3 Bb5 20. Qe3 Qxe3 21. Rxe3 Rxc1+ 22. Nxc1 Rc8 {Banusz,V-Molnar,J/HUN
t-ch2 1998/1/2-1/2 (79)}) (8. dxc5 $5 Bxc5 9. b4 Be7 10. Bf4 f6 11. exf6 Bxf6
12. b5 Ne7 13. a4 {1/2-1/2 Timman,J-Piket,J/Donner mem-A 1994 (13)}) 8... cxd4
9. cxd4 $146 {Very strange, but this natural move is the new one!} (9. Bxh6
gxh6 10. cxd4 Qxb2 11. Nb5 Rc8 12. Ne1 a6 $17 {0-1 Hazsiyume,F-Alvarez,V/
Wch-jr g Buenos Aires 1993 (20)}) 9... Bxa3 ({Another way was} 9... Nf5 $5 10.
Nc2 Be7 $13 {with complicated position}) 10. Bxh6 Bf8 ({Interesting what
Movsesian had in mind if black will continue} 10... Bxb2 11. Rb1 (11. Bxg7 $5)
11... gxh6 12. Qd2 Nxd4) 11. Be3 Be7 12. Bd3 O-O-O $6 {[%csl Rc8][%cal Ga2a4,
Gb4b5,Gb2b5] Very controversial desition.It looks that it is easy for white to
organized attack on the queens side, than for black on the oppozite part of
the board.} ({Deserves attention} 12... Nb4 13. Bb1 a5 14. a3 Nc6 $13 {with
unclear consequences}) 13. Qe2 Kb8 (13... Nb4 14. Rfc1+ Kb8 15. Bb1 Bb5 16. Qd2
h6 $14) 14. a3 Rc8 15. b4 Ka8 (15... f5 $5 16. exf6 gxf6) 16. Rfc1 h6 17. Nd2 {
[%cal Gd2b3,Gb3c5]} f5 18. f4 (18. Nb3 $143 f4 19. Bxf4 Nxd4 20. Nxd4 Qxd4 $13)
18... g5 19. Nb3 gxf4 20. Bf2 $1 Rcg8 21. Kh1 Qd8 22. Rc2 Rg4 23. b5 Nb8 ({
Why not} 23... Na5 $5) 24. Qf3 Rhg8 25. Bf1 Bh4 {[%csl Rb8,Rd7] It looks that
Rogers got real couterplay on the king,s side, but it is only illusion.} 26.
Nc5 Bxf2 27. Rxf2 Qh4 28. a4 {[%cal Ga4a6]} Rg3 29. Qxf4 R8g4 30. Qc1 $1 Ra3 ({
After} 30... Rxd4 31. Nxd7 Nxd7 32. Qc8+ Nb8 33. Rc2 $1 $18 {[%cal Ga1c1,Gc8b8]
white wins in few moves}) 31. Nxd7 $5 (31. Rc2 Rxa1 32. Qxa1 Bc8 (32... Rxd4 $2
33. g3 $1 Qg4 34. Be2 $18) 33. a5 $16) 31... Nxd7 ({Or} 31... Qxf2 32. Nb6+ $1
(32. Qc8 Qxg2+ $1 33. Bxg2 Rxa1+ $19) 32... axb6 33. Qxa3 Rf4 34. h3 $18 {
[%cal Ra4a5]}) 32. Rxf5 $1 {Final blow!} exf5 (32... Rxa1 {lose immediately
after} 33. Rf8+ $1 Nb8 34. Qxa1 Rxd4 35. Qc1 $18) 33. Qxa3 Rxd4 34. a5 $5 (34.
e6 Nb8 35. Qf8 Re4 36. Qxf5 $18) 34... Qf2 (34... Nb8 35. a6 bxa6 (35... b6 36.
Qd6 $18) 36. b6 axb6 37. Bxa6 $18) 35. a6 $18 Rf4 (35... bxa6 36. b6 $1 Rf4 (
36... Rd2 37. Qe7) 37. b7+ Kxb7 38. Qxa6+ Kc7 39. Qd6+ Kd8 40. Bb5 $18) 36.
axb7+ Kxb7 37. h3 $1 (37. Qa6+ Kb8 38. Qd6+ Kc8 39. Bd3 $18) 37... Qb6 38. Qe7
Qc7 39. e6 (39. e6 Nb6 40. Rxa7+) 1-0

[Event "ISR-ch"]
[Site "Ramat Aviv"]
[Date "1998.11.08"]
[Round "1.1"]
[White "Erenburg, Sergey"]
[Black "Zilberman, Yaacov"]
[Result "0-1"]
[WhiteElo "2310"]
[BlackElo "2520"]
[Annotator "Psakhis,L"]
[PlyCount "56"]
[EventDate "1998.11.08"]
[EventType "k.o."]
[EventRounds "5"]
[EventCountry "ISR"]
[SourceTitle "CBM 068"]
[Source "ChessBase"]
[SourceDate "1999.02.01"]
[SourceVersion "1"]
[SourceVersionDate "1999.02.01"]
[SourceQuality "1"]

1. e4 e6 2. d4 d5 3. e5 c5 4. c3 Qb6 5. Nf3 Bd7 6. Be2 {According to modern
theory slightly better then move in the text is} (6. a3 {and after} cxd4 (6...
Bb5 7. c4 $1) 7. cxd4 Bb5 8. Bxb5+ Qxb5 9. Nc3 $14 {black has not opportunity
to pin knight with 9....Bb4}) 6... cxd4 7. cxd4 Bb5 8. Bxb5+ {Clearly not the
best move in the position.White could get nice position, after} (8. Nc3 Bb4 9.
O-O Bxc3 10. Bxb5+ Qxb5 11. bxc3 {and it is not easy for Black to equalize,
for example} Ne7 12. a4 Qd7 13. Ba3 Nbc6 14. Qd3 $5 (14. a5 O-O 15. Qa4 Rfd8
16. Bc5 f6 17. Rfb1 Ng6 18. Bd6 Nce7 19. Qb4 Nc8 20. Bc5 Rb8 21. g3 $14 {
1/2-1/2 Degraeve,J-Vaisser,A/FRA-ch Meribel 1998 (47)}) 14... Rc8 15. a5 f6 16.
exf6 gxf6 17. Nd2 Kf7 18. Nb3 $14 {1-0 Degraeve,J-Vaisser,A/FRA t-ch 1998 (41)}
) 8... Qxb5 9. a3 ({Black has nothing to worry about in the case of} 9. Nc3 Bb4
$1 10. Bd2 Bxc3 11. Bxc3 Nc6 12. Qe2 Qxe2+ 13. Kxe2 Nge7 14. Kd3 f6 15. exf6
gxf6 $11 {1/2-1/2 Bosch,J-Psakhis,L/Hoogeveen op 1997 (40)}) 9... Nd7 10. Nc3
Qa6 11. Ne2 (11. Qe2 Qxe2+ 12. Kxe2 Ne7 $11) 11... Ne7 12. O-O {In the
variation 6.a3 cd 7.cd Bb5 8.Bxb5 Qxb5 9.Nc3 Qa6 10.Ne2 Nd7 11.0-0 Ne7 is same
position White order to move and after 12.Ng3 there chances are slightly
higher.} Nf5 13. Ng3 ({Deserves attention} 13. g4 Ne7 14. Ng3 {with
complicated game.}) 13... Nxg3 14. fxg3 {[%cal Gf1f7]} ({After} 14. hxg3 {
position is more or less equal, but young Israeli chessplayer wants to get
more.He opens f line with the idea to organize preasure on the king,s side,
but, after exchange of light coloured bishops he hasn,t too many chances for
real attack.}) 14... h6 {Black has to prevent jump of the knight to g5. With
same point he could play} (14... Be7 {but after} 15. Bg5 $1 f6 16. exf6 gxf6
17. Bf4 $14 {white,s position is nice.}) 15. Nh4 Be7 16. Qg4 {It looks , that
White get strong initiative, but....} g5 $5 {showed that nothing is clear.} 17.
Rxf7 $6 {White have to sacrifice something, because} (17. Nf3 $4 h5 {lost
queen, but much stronger was to play}) (17. Qh5 $1 gxh4 18. Rxf7 Kd8 (18... Nb6
19. Qg6 $1 {[%cal Rf7e7]} Kd8 20. Rxe7 Qe2 21. Bg5 $1 hxg5 22. Qxe6 $18) 19.
Rxe7 $1 Kxe7 20. Bxh6 Rag8 (20... Rxh6 21. Qg5+ $1 Ke8 22. Qxh6 hxg3 23. Qh5+ {
and at least White has draw with perpetual check})) 17... Kxf7 18. Qh5+ Kg7 19.
Qg6+ Kf8 20. Bd2 ({Black,s queen keeps under the control f1 square and this is
very important in white will play} 20. Bxg5 hxg5 21. Rf1+ Qxf1+ 22. Kxf1 gxh4
$19 {with big material advantage}) (20. Nf5 exf5 21. e6 Rh7 $1 22. Qxh7 Qxe6
$19) 20... Rg8 21. Qh5 (21. Rf1+ Qxf1+ 22. Kxf1 Rxg6 $19) (21. Qxh6+ Ke8 (21...
Rg7 $2 22. Ng6+ Kg8 (22... Kf7 23. Nxe7 Rag8 24. Bb4 $18 {[%cal Ra1f1]}) 23.
Qh8+ Kf7 24. Qxa8 Kxg6 25. Qe8+ Kh7 26. Qxd7) 22. Ng6 Bf8 $19) 21... Rg7 $1 $19
{White has not enough compensation for the rook and game is over.} 22. Ng6+ Kg8
23. Qxh6 Qd3 24. Nxe7+ Rxe7 25. Bb4 Qh7 26. Qxg5+ Rg7 27. Qd2 Rc8 28. Bc3 Rf7
0-1

[Event "UKR-ch"]
[Site "Ordzhonikidze"]
[Date "2001.09.11"]
[Round "4"]
[White "Vysochin, Spartak"]
[Black "Berelowitsch, Alexander"]
[Result "1/2-1/2"]
[WhiteElo "2542"]
[BlackElo "2513"]
[Annotator "Psakhis,L"]
[PlyCount "111"]
[EventDate "2001.09.08"]
[EventType "swiss"]
[EventRounds "9"]
[EventCountry "UKR"]
[SourceTitle "CBM 086"]
[Source "ChessBase"]
[SourceDate "2002.02.05"]
[SourceVersion "1"]
[SourceVersionDate "2002.02.05"]
[SourceQuality "1"]

1. e4 e6 2. d4 d5 3. e5 c5 4. c3 Nc6 5. Nf3 Nge7 6. Be2 {Quite rare move, but
not bad.Much more popular in modern practice} (6. Bd3 {or}) (6. Na3) 6... Nf5 (
{I would prefer} 6... cxd4 7. cxd4 Nf5) 7. dxc5 ({In the case of active} 7. g4
Nh4 8. Nxh4 Qxh4 9. Be3 Bd7 10. O-O {Black manage to equalise after} (10. Nd2
$5 cxd4 11. Nf3 Qd8 12. cxd4 h5 13. gxh5 Rxh5 14. h4 Ne7 15. Ng5 Rh8 16. Bd3
Nf5 17. Bxf5 exf5 18. Qb3 $13 {1-0 Kupreichik,V-Moskalenko,V/Lvov 1988 (41)})
10... Qd8 $1 {[%cal Gd8b6]} 11. Nd2 Qb6 12. Rb1 cxd4 13. cxd4 a5 14. Kh1 a4 15.
f4 h5 16. gxh5 Ne7 17. Bf2 Bb5 18. b3 Bxe2 19. Qxe2 a3 $11 {1/2-1/2 Sax,G-Glek,
I/Deutschland 1994/Inf 60 (22)}) 7... Bxc5 8. O-O (8. b4 Bb6 9. b5 Na5 10. h4
Qc7 11. g4 Ne7 12. h5 Nc4 13. Bxc4 Qxc4 14. Nd4 f6 $1 $15 {0-1 Leskovar,
M-Garcia Palermo,C/Alicante op. 1992 (36)}) 8... O-O 9. Bd3 h6 10. Nbd2 {
It looks that White got small advantage} Nh4 $146 (10... a5 11. Nb3 Ba7 12. a4
Qc7 13. Qe2 Bd7 14. Re1 Rac8 15. Bf4 Nce7 16. Qd2 Ng6 17. Bxf5 Nxf4 18. Bc2 Ng6
19. Nbd4 Qb6 20. Bd3 f5 21. exf6 Rxf6 22. Bxg6 Rxg6 23. Ne5 $16 {1-0 Kaiser,
W-Rej,D/FRG-chJ int 1980 (28)}) 11. b4 (11. Nxh4 Qxh4 12. Nf3 Qh5) 11... Bb6
12. b5 Nxf3+ 13. Nxf3 Ne7 14. Bc2 Ng6 15. Qd3 Qc7 $2 {Serious mistake, maybe
Berelovich just missed next white's move.} ({After correct} 15... a6 $142 $1
16. bxa6 Rxa6 17. h4 Re8 $13 {it will be not so easy to evaluate position.})
16. Nh4 $1 {[%mdl 128] Unpleasant surprise!} Qxe5 $8 17. Ba3 Rd8 18. Nxg6 fxg6
19. Qxg6 Qf4 (19... Qf6 20. Qxf6 gxf6 21. Be7) 20. Qh7+ {Vysochin preferes
attack continuation to material advantage.} (20. Be7 $5 Bd7 21. Qh7+ Kf7 22.
Bxd8 Rxd8 23. Bg6+ Kf6 24. Bd3 $16) 20... Kf7 21. Rae1 {[%cal Re1e3]} e5 $8 (
21... Bc7 22. g3 Qf6 {Lose by force-} 23. Re3 {[%cal Rg1g2]} e5 24. Bg6+ $1 (
24. Kg2 e4 25. f3 Bf5) 24... Qxg6 25. Rf3+ Qf6 26. Rxf6+ Kxf6 27. f4 exf4 28.
Bc5 $18) 22. Kh1 (22. Qg6+ $5 Kg8 23. Be7 $16 {+-}) 22... Qf6 23. f4 $1 (23.
Rxe5 Qxe5 24. Qg6+ Kg8 25. Qh7+ $11) 23... e4 $8 24. f5 a6 25. Bb3 $2 {Strange
move! After} (25. Bxe4 $1 dxe4 26. Rxe4 $18) ({or simple} 25. Bd1 $1 $18 {
White could win just in few moves}) 25... axb5 26. Bc1 {[%cal Ge1e4]} (26. Bb4
e3 27. Bd1 $40) 26... Ra4 (26... Ke7 $142 $5) 27. Bxa4 bxa4 28. Be3 $6 ({
I don't believe that Black can organize serious resistance after natural} 28.
c4 $5 $16) 28... Bxe3 29. Rxe3 Qa6 30. Rd1 Qf6 31. Qg6+ $5 Qxg6 32. fxg6+ Ke7
$1 (32... Kxg6 $2 33. Rxe4 $16) 33. Rf1 Be6 34. Rb1 Rd7 35. Rb4 Bf5 36. Rxa4
Rc7 37. Rg3 Kf6 38. Kg1 Bxg6 {White keep advantage and in the ending, but
Berelovich manage to keep balance.} 39. Rd4 Bf7 40. Kf2 g5 41. Ke1 Ke5 42. Kd2
b5 43. Kc2 Be8 44. Re3 Rf7 45. a3 h5 46. Rd2 h4 47. Kb3 g4 48. Kb4 Rf6 49. Re1
g3 50. hxg3 hxg3 51. Red1 Bf7 52. Kxb5 Be8+ 53. Ka5 Bf7 54. Kb5 Be8+ 55. Ka5
Bf7 56. Kb5 1/2-1/2

[Event "Governor's Cup"]
[Site "Kramatorsk"]
[Date "2001.10.04"]
[Round "4"]
[White "Ehlvest, Jaan"]
[Black "Borovikov, Vladislav"]
[Result "1-0"]
[WhiteElo "2627"]
[BlackElo "2593"]
[Annotator "Psakhis,L"]
[PlyCount "65"]
[EventDate "2001.10.02"]
[EventType "tourn"]
[EventRounds "10"]
[EventCountry "UKR"]
[EventCategory "15"]
[SourceTitle "CBM 086"]
[Source "ChessBase"]
[SourceDate "2002.02.05"]
[SourceVersion "1"]
[SourceVersionDate "2002.02.05"]
[SourceQuality "1"]

1. e4 e6 2. d4 d5 3. e5 c5 4. c3 Nc6 5. Nf3 Nge7 6. Bd3 cxd4 7. cxd4 Nf5 8.
Bxf5 exf5 9. a3 Be6 10. Nc3 Rc8 (10... Be7 $5 11. h4 h6 12. b4 Qd7 13. Ne2 b5
14. Nf4 a5 15. bxa5 Nxa5 16. Nh5 Kf8 17. Rh3 f4 18. Rh1 Nc4 19. Nxf4 Nxa3 20.
Bxa3 Rxa3 21. Rxa3 Bxa3 22. Qd3 b4 23. Nxe6+ Qxe6 24. Qb5 g6 $17 {0-1 Onischuk,
A-Roca,P/Yerevan olm (Belov) 1996 (41)}) 11. Ne2 $5 $146 {Strong and natural
move, White brings night on the king,s side} ({RR} 11. Qa4 Be7 12. h4 h6 13. b4
O-O 14. Ne2 Qb6 15. Bd2 a6 16. O-O Na7 17. Qb3 Rc4 18. Qe3 Rfc8 19. Qf4 Qd8 20.
Ng3 Nb5 $15 {0-1 Edelman,D-Libeau,R/Muenster 1994 (54)}) 11... h6 {[%cal Gg7g5]
} 12. h4 g6 ({Worth considering} 12... a5 $5 {and black begins to play on the
queen side. But text is not bad either - black king will fill himself quite
comfortable in the center, or on g7}) 13. b4 Be7 14. Be3 Qb6 15. Rb1 Kd7 $6 {
Beggining of the wrong plan.} ({After} 15... Kf8 $5 {it will be difficult for
White to improve position.}) 16. O-O Qd8 17. Qd2 Qf8 {Quite strange idea.It,s
clear that White's monarch is protected much better than his black colleague.}
18. b5 Nd8 19. Rfc1 Rxc1+ 20. Rxc1 g5 (20... Bxa3 $142 21. Ra1 Bb4 22. Qc2 $16)
21. Qa5 f4 22. Rc7+ Ke8 23. b6 $1 {Refutation of the black's strategy.} Nc6 {
What else?} (23... axb6 24. Qb5+ Nc6 25. Rxb7 Bd7 26. Qxd5 {lose immidiately})
(23... a6 24. Qa4+ Nc6 25. Rxb7 Bd7 26. e6 $1 fxe6 27. Rxd7 $18) 24. Rxc6 {
Beggining of the end} bxc6 25. Qxa7 (25. bxa7 $2 Kd7 $17) 25... f5 $8 26. exf6
Qxf6 27. Bd2 (27. b7 Bd6 28. b8=Q+ Bxb8 29. Qxb8+ Kf7 30. Ne5+ Kg7 31. Qc7+ $18
) 27... g4 (27... Bd6 28. Bb4 $1 $18) 28. Ne5 g3 (28... Bc8 29. b7 Bxb7 30.
Qxb7 g3 31. Nxf4 gxf2+ 32. Kf1 $18) 29. Qa8+ Bd8 30. Qxc6+ Kf8 31. b7 gxf2+ 32.
Kf1 f3 33. Nxf3 {Ehlvest played well and won very convincingly.} 1-0